00349 2200145 4500001002100000005001500021035002000036245004600056100002400102300001200126260003100138082000800169084001400177990001200191INLIS00000000000198120250527081213 a0010-05250002731 aMatematika Kelas 2 /cSartono Wirodikromo0 aSartono Wirodikromo a192 hlm aJakarta :bErlangga,c2000 a510 a510 SAR m a0712736